| 000 | 00602nam a2200217Ia 4500 | ||
|---|---|---|---|
| 005 | 20250508164730.0 | ||
| 008 | 008 250505s9999 xx 000 0 eng d | ||
| 020 | _a0-19-564959-1 | ||
| 037 | _aTextual | ||
| 040 |
_aFEDL _beng _cFEDL |
||
| 041 |
_aeng _2eng |
||
| 084 |
_a342.54, AUS _qFEDL |
||
| 100 | _aAustin Granville | ||
| 245 | 0 | _aIndian constitution: Cornerstone of a nation | |
| 260 |
_aNew Delhi, India _bOxford University Press _c1999 |
||
| 300 | _axxii,390p. | ||
| 365 |
_aINR _b250 |
||
| 546 | _aMACESE | ||
| 942 |
_cTEXL _h342.54, AUS |
||
| 999 |
_c1390814 _d1390814 |
||